Τραγωδίες του Ευριπίδη
Αποθηκεύτηκε σε:
| Άλλοι συγγραφείς: | |
|---|---|
| Μορφή: | Βιβλίο |
| Γλώσσα: | Greek |
| Δημοσίευση: |
Αθήνα :
Εστία,
1989
|
| Έκδοση: | 3η έκδ. |
| Θέματα: | |
| Ετικέτες: |
Προσθήκη ετικέτας
Δεν υπάρχουν, Καταχωρήστε ετικέτα πρώτοι!
|
MARC
| LEADER | 00000nam a2200000 i 4500 | ||
|---|---|---|---|
| 001 | 1/97429 | ||
| 008 | 950216s1989 gre d | ||
| 020 | |a 960-05-0150-5 | ||
| 035 | |l 10010552 | ||
| 040 | |a GR-MY-UA |b gre |e aacr | ||
| 041 | 0 | |a gre | |
| 082 | 0 | |a 882.13 | |
| 245 | 1 | 0 | |a Τραγωδίες του Ευριπίδη / |c μετάφραση Θρασύβουλου Σταύρου |
| 250 | |a 3η έκδ. | ||
| 260 | |a Αθήνα : |b Εστία, |c 1989 | ||
| 300 | |a 512 σ. | ||
| 500 | |a Περιεχόμενα: Αλκηστη - Ανδρομάχη - Οι ικέτισσες - Οι Τρωαδίτισσες - Η Ιφιγένεια στη χώρα των ταύρων - Ελένη - Οι Βάκχες - Η Ιφιγένεια στην αυλίδα - Ρήσος | ||
| 600 | 0 | 0 | |a Ευριπίδης, |d 480-406. |
| 650 | 0 | 0 | |a Greek drama (Tragedy) |
| 700 | 1 | |a Σταύρου, Θρασύβουλος, |d 1886-1979. |4 trl | |
| 852 | |a INST |b LESVOS |e 19950216 |h 882.13 ΤΡΑ |p 005100002920 |q 005100002920 |t BK |y 0 | ||
| 909 | |a Λ |b 019489 | ||